| 000 | 01062nam a22002537a 4500 | ||
|---|---|---|---|
| 003 | OSt | ||
| 005 | 20260415051426.0 | ||
| 008 | 260415b |||||||| |||| 00| 0 eng d | ||
| 020 | _a9781935096405 | ||
| 040 |
_aDWCL - Main Lib. _cOC |
||
| 082 | _aProf. 810.8 C532 2009 | ||
| 100 |
_aCanfield, Jack _eCompiler |
||
| 245 |
_aChicken soup for the soul : _bthe story behind the song : the exclusive personal stories behind 101 of your favorite songs / _cJack Canfield [and three others] |
||
| 260 |
_aU.S.A. : _bChicken Soup for the Soul Publishing, _cc2009. |
||
| 300 |
_axv, 427 pages : _billustrations ; _c22 cm. |
||
| 650 | _a1. Lyric writing (Popular music) - Anecdotes. | ||
| 650 | _a2. Lyric writing (Popular music) - History and criticism. | ||
| 650 | _a3. Lyric writing (Popular music) - Literary collections. | ||
| 650 | _a4. Popular music - Writing and Publishing - History criticism. | ||
| 700 |
_aI. Hansen, Mar Victor _eCompiler |
||
| 700 |
_aII. Geffen, Jo-ann _eCompiler |
||
| 700 |
_aIII. Dozier, Lamont _eForeword |
||
| 942 |
_2ddc _cPROF. _n0 |
||
| 999 |
_c9442 _d9442 |
||